Landen van de wereld - Statistieken

Algemene statistieken
  • Deze quiz is 876 keer genomen
    872 sinds de laatste reset
  • De gemiddelde score is 96 van 196
Antwoorden op de kaart
Antwoorden kleurgecodeerd door een groen-rode schaal op de quizkaart volgens % correct hieronder.
 
Antwoordstatistieken
Country % Correct
Nederland
94%
België
93%
Canada
92%
Duitsland
92%
Frankrijk
92%
Rusland
92%
Spanje
92%
China
90%
Italië
90%
Portugal
90%
Australië
89%
Brazilië
89%
Zweden
89%
Mexico
88%
Verenigde Staten
88%
Finland
87%
Ierland
86%
IJsland
86%
Noorwegen
86%
Polen
86%
Griekenland
85%
India
85%
Japan
85%
Denemarken
84%
Marokko
84%
Oekraïne
84%
Oostenrijk
84%
Turkije
84%
Zuid-Afrika
84%
Zwitserland
84%
Egypte
83%
Verenigd Koninkrijk
82%
Argentinië
81%
Letland
81%
Chili
80%
Wit-Rusland
80%
Indonesië
78%
Estland
77%
Madagaskar
77%
Nieuw-Zeeland
76%
Noord-Korea
76%
Zuid-Korea
76%
Iran
75%
Kroatië
75%
Litouwen
75%
Hongarije
74%
Irak
74%
Tsjechië
74%
Luxemburg
72%
Niger
71%
Bulgarije
70%
Peru
70%
Mongolië
68%
Roemenië
67%
Colombia
66%
Saoedi-Arabië
66%
Albanië
64%
Slovakije
64%
Suriname
64%
Democratische Republiek Congo
63%
Israël
63%
Republiek van Congo
63%
Algerije
62%
Bosnië en Herzegovina
62%
Nigeria
62%
Thailand
62%
Venezuela
62%
Kazachstan
61%
Bolivia
60%
Pakistan
60%
Vietnam
59%
Syrië
58%
Tunesië
58%
Afghanistan
57%
Centraal Afrikaanse Republiek
57%
Cuba
57%
Servië
57%
Slovenië
57%
Libië
56%
Cyprus
55%
Malta
55%
Uruguay
55%
Ethiopië
53%
Filipijnen
52%
Ecuador
51%
Kenia
51%
Somalië
51%
Zimbabwe
51%
Jemen
50%
Nepal
50%
Noord-Macedonië
50%
Paraguay
50%
Soedan
49%
Moldavië
48%
Mali
47%
Panama
47%
Vaticaanstad
47%
Andorra
46%
Ghana
46%
Kosovo
46%
Qatar
46%
Sri Lanka
46%
Montenegro
44%
Costa Rica
43%
Ivoorkust
43%
Maleisië
43%
Oman
43%
Senegal
43%
Verenigde Arabische Emiraten
42%
Monaco
41%
Bangladesh
40%
Liechtenstein
40%
Oezbekistan
40%
Tanzania
40%
Angola
39%
Honduras
38%
Jamaica
38%
Laos
38%
Namibië
38%
Taiwan
38%
Turkmenistan
38%
Zambia
38%
Cambodja
37%
Zuid-Soedan
37%
Armenië
36%
Georgië
36%
Haïti
36%
Botswana
35%
Guyana
35%
Oeganda
35%
San Marino
35%
Tsjaad
35%
Bahamas
34%
Dominica
34%
Jordanië
34%
Kameroen
34%
Papoea Nieuw Guinea
34%
Libanon
33%
Mozambique
33%
Myanmar
33%
Azerbeidzjan
32%
Guatemala
32%
Mauritanië
32%
Eritrea
31%
Singapore
30%
Fiji
29%
Gambia
29%
Koeweit
29%
Bhutan
28%
Togo
28%
Burkina Faso
27%
Dominicaanse Republiek
27%
Gabon
27%
Kaap Verdië
27%
El Salvador
26%
Guinee
26%
Nicaragua
26%
Belize
24%
Maldiven
24%
Mauritius
24%
Benin
23%
Lesotho
23%
Malawi
23%
Liberia
22%
Rwanda
22%
Kirgizië
21%
Tadzjikistan
21%
Bahrein
20%
Burundi
20%
Eswatini
20%
Sierra Leone
20%
Djibouti
17%
Guinee-Bissau
17%
Seychellen
16%
Brunei
15%
Oost-Timor
15%
Barbados
14%
Comoren
14%
Equatoriaal-Guinea
14%
Grenada
14%
Saint Lucia
13%
Tonga
13%
Trinidad en Tobago
13%
Federale Staten van Micronesië
12%
Palau
12%
Samoa
12%
Tuvalu
12%
Antigua en Barbuda
11%
Kiribati
11%
Marshalleilanden
11%
Saint Kitts en Nevis
11%
Vanuatu
10%
Nauru
9%
São Tomé en Príncipe
9%
Saint Vincent en de Grenadines
8%
Salomonseilanden
8%
Geen overeenkomende quizzen gevonden
Scoreverdeling
Procent van Mensen met Elke Score
Percentiel versus Aantal Correcte Antwoorden
Uw Scoregeschiedenis
U heeft deze quiz nog niet genomen sinds de laatste reset